Covid-19, migration and the effect on Bihar (Record no. 528207)
[ view plain ]
| 000 -LEADER | |
|---|---|
| fixed length control field | 01436nam a22001577a 4500 |
| 008 - FIXED-LENGTH DATA ELEMENTS--GENERAL INFORMATION | |
| fixed length control field | 241119b ||||| |||| 00| 0 eng d |
| 100 ## - MAIN ENTRY--PERSONAL NAME | |
| Personal name | Sen, Nandini Choudhury |
| 245 ## - TITLE STATEMENT | |
| Title | Covid-19, migration and the effect on Bihar |
| 260 ## - PUBLICATION, DISTRIBUTION, ETC. (IMPRINT) | |
| Place of publication, distribution, etc | Bihar Journal of Public Administration |
| 300 ## - PHYSICAL DESCRIPTION | |
| Extent | 18(1A), Jan-Jun, 2021: p.35-43 |
| 520 ## - SUMMARY, ETC. | |
| Summary, etc | The year 2020 was gripped by the Covid-19 pandemic followed by more devastating second wave in 2021. The crisis has brought in its wake an unprecedented circumstance which the entire world is grappling with India being the worst hit nation. The Pandemic has been debilitating in more ways than one, the economy has seen a downturn globally and the Indian story is far from good. Besides, the scarcity of medical infrastructure, medicines, oxygen and vaccines has left the people bewildered. The crisis has hit the migrant labourers hardest and added to their miseries. As such, the present paper intends to concentrate on the process of labour migration, the causes and reasons propelling it, the saga of the reverse migration as it plays out in Bihar, the current poll bound state of India. – Reproduced http://www.iipabiharbranch.org/upload/Complete%20BJPA%20Vol.%20XVIII%20No.%201A%20(Covid%20special%20issue)%202021.pdf |
| 650 ## - SUBJECT ADDED ENTRY--TOPICAL TERM | |
| Topical term or geographic name as entry element | Covid-19, Bihar, Economy, Reverse migration. |
| 9 (RLIN) | 48951 |
| 773 ## - HOST ITEM ENTRY | |
| Main entry heading | Bihar Journal of Public Administration |
| 906 ## - LOCAL DATA ELEMENT F, LDF (RLIN) | |
| Subject DIP | PANDEMIC |
| 942 ## - ADDED ENTRY ELEMENTS (KOHA) | |
| Item type | Articles |
| Withdrawn status | Lost status | Source of classification or shelving scheme | Damaged status | Not for loan | Permanent location | Current location | Date acquired | Serial Enumeration / chronology | Barcode | Date last seen | Koha item type |
|---|---|---|---|---|---|---|---|---|---|---|---|
| Indian Institute of Public Administration | Indian Institute of Public Administration | 2024-11-19 | 18(1A), Jan-Jun, 2021: p.35-43 | AR133591 | 2024-11-19 | Articles |
